000
00447nam a2200157Ia 4500
008
110201s9999 xx 000 0 und d
082
_b
B2001
_a
KS 221
100
_a
भावे पु.भा.
245
_a
रेशमी धागे
365
_b
35
600
_a
भावे पु.भा.
630
_a
रेशमी धागे
700
_a
भावे पु.भा.
730
_a
रेशमी धागे
942
_c
BOOK
999
_c
829108
_d
829105